Personnages de Toy Story - Statistiques

Statistiques générales
  • Ce quiz a été pris 1 104 fois
  • Le résultat moyen est 14 sur 32
Statistiques - réponses
Apparition Personnage % Correct
Toy Story 1 2 3 Buzz L'Eclair
98%
Toy Story 1 2 3 Woody
98%
Toy Story 1 2 3 Rex
82%
Toy Story 1 2 3 Andy
80%
Toy Story 1 2 3 Zig Zag
80%
Toy Story 2 3 Jessie
79%
Toy Story 1 2 La Bergère
74%
Toy Story 2 3 Pil Poil
71%
Toy Story 3 Barbie
65%
Toy Story 3 Ken
64%
Toy Story 1 2 3 Mr Patate
61%
Toy Story 3 Lotso
59%
Toy Story 1 2 3 Mme Patate
55%
Toy Story 1 2 3 Bayonne
54%
Toy Story 2 Al McWhiggin
53%
Toy Story 1 Sid
48%
Toy Story 2 Empereur Zurg
38%
Toy Story 3 Bonnie
35%
Toy Story 2 Siffli
32%
Toy Story 3 Big Baby
21%
Toy Story 2 Papi Pépite
21%
Toy Story 1 2 3 Le Sergent
18%
Toy Story 3 Trixie
17%
Toy Story 3 Bouton d'Or
14%
Toy Story 3 Dolly
12%
Toy Story 1 Karting
11%
Toy Story 3 Rictus
10%
Toy Story 3 Les Petits Pois
6%
Toy Story 3 Mr Labrosse
6%
Toy Story 3 Twitch
4%
Toy Story 3 Chunk
3%
Toy Story 3 Vulcain
3%
Aucun quiz correspondant
Distribution des résultats
% des personnes avec chaque résultat
Percentile par nombre de réponses
Votre historique - résultats
Vous n’avez pas pris ce quiz